000 00603nam a2200217Ia 4500
005 20250701164518.0
008 008 250505s9999 xx 000 0 eng d
020 _a9781032322469
037 _aTextual
040 _aEASL
_beng
_cEASL
041 _aeng
_2eng
084 _aP41:2, R3;2
_qEASL
100 _aLi Wang
_9782668
245 0 _aModern Chinese Grammar II: Grammatical Constituents
260 _aUSA
_b3rd Avenue Routledge New York
_c2023
300 _a191pg
365 _aUK
490 _aChina Perspectives
942 _cTEXL
_hP41:2, R3;2
999 _c1433322
_d1433322